000
00306nam a2200121Ia 4500
008
231129s1983||||xx |||||||||||||| ||spa||
082
_a
HAJ- 0220
100
_a
Rincón Ovidio
245
0
_a
El metal de la noche
260
_c
1983
264
_a
Armenia: Impresores del Quindío 1983
942
_2
ddc
_c
BKS
999
_c
11685
_d
11685